000 00470nam a2200157Ia 4500
008 170221s9999 xx 000 0 und d
100 _aMin Wang
245 2 _aA PAPR Reduction Method Based on Differential Evolution
245 _cMin Wang and Bin Xiao
260 _bJournal of Communications
260 _c2014
300 _a34 : 2
650 _xCommunication
650 _xMedia Arts
856 _uhttp://www.jocm.us/index.php?m=content&c=index&a=lists&catid=147
999 _c310752
_d310752